Derecho penal (Record no. 133793)

MARC details
000 -LEADER
fixed length control field 00704cam a2200193 4500
005 - DATE AND TIME OF LATEST TRANSACTION
control field 20250912121427.0
008 - FIXED-LENGTH DATA ELEMENTS--GENERAL INFORMATION
fixed length control field 250709b ag |||||||| |||| 00| 0 spa d
020 ## - INTERNATIONAL STANDARD BOOK NUMBER
International Standard Book Number 9502005285
050 04 - LIBRARY OF CONGRESS CALL NUMBER
Classification number KHA5510
Item number F66 1989
100 1# - MAIN ENTRY--PERSONAL NAME
Personal name Fontan Balestra, Carlos
245 #0 - TITLE STATEMENT
Title Derecho penal
Remainder of title : parte especial
Statement of responsibility, etc / Carlos Fontan Balestra ; edición puesta al día sobre la base del tratado de derecho penal actualizado por Guillermo A. C. Ledesma.
250 ## - EDITION STATEMENT
Edition statement 12 edición
260 ## - PUBLICATION, DISTRIBUTION, ETC. (IMPRINT)
Place of publication, distribution, etc Buenos Aires :
Name of publisher, distributor, etc Abeledo-Perrot,
Date of publication, distribution, etc 1989
300 ## - PHYSICAL DESCRIPTION
Extent 1058 p. ;
Dimensions 24 cm.
650 #4 - SUBJECT ADDED ENTRY--TOPICAL TERM
Topical term or geographic name as entry element Derecho penal
Geographic subdivision Argentina
650 #7 - SUBJECT ADDED ENTRY--TOPICAL TERM
Source of heading or term lemb
Topical term or geographic name as entry element Delitos
General subdivision Argentina
700 1# - ADDED ENTRY--PERSONAL NAME
Personal name Ledesma , Guillermo, A.C.,
Relator term editor
942 ## - ADDED ENTRY ELEMENTS (KOHA)
Source of classification or shelving scheme Biblioteca del Cogreso de los Estados Unidos
Koha item type Libro
Holdings
Estado de pérdida Fuente de clasificación Estado del daño No para préstamo Ubicación permanente Ubicación actual Apartado o colección Fecha de adquisición Edición Área del conocimiento Clasificación Código de Barras Date last seen Número de copia Costo por reposición Tipo de recurso
  Biblioteca del Cogreso de los Estados Unidos     Biblioteca de la Facultad de Derecho y Ciencias Sociales "Felipe J. Tena" Biblioteca de la Facultad de Derecho y Ciencias Sociales "Felipe J. Tena" General 17/01/2020 12a ed. Ciencias Sociales y Administrativas KHA5510 F66 1989 BFD000011914 17/01/2020 1 1.00 Libro